Bandeiras da Ásia - Statistics

Estatísticas Gerais
  • Esse quiz foi jogado 131 vezes
    127 desde o último reset
  • A pontuação média é 41 de 54
Estatísticas das Respostas
Imagem Resposta % Correto
Japão
100%
China
99%
Coréia do Sul
97%
India
97%
Israel
96%
Catar
95%
Coreia do Norte
95%
Irã
95%
Arábia Saudita
94%
Bangladesh
92%
Vietnã
91%
Turquia
90%
Indonesia
87%
Nepal
87%
Singapura
87%
Chipre
86%
Líbano
86%
Malásia
86%
Paquistão
86%
Tailandia
86%
Egito
84%
filipinas
84%
Geórgia
84%
Sri Lanka
84%
Butão
82%
Camboja
82%
Iraque
81%
Laos
81%
Russia
81%
Afeganistão
78%
Taiwan
78%
Siria
77%
Mianmar
76%
Uzbequistão
75%
Bahrein
73%
Emirados Árabes Unidos
73%
Mongólia
73%
Arménia
71%
Maldivas
71%
Quirguistão
71%
Jordânia
70%
Brunei
68%
Hong Kong
67%
Timor-Leste
67%
Turquemenistão
66%
Iemen
63%
Kuweit
61%
Omã
61%
Tajiquistão
58%
Palestina
47%
Macau
42%
Ilhas Cocos
19%
Território Britânico do Oceano Índico
13%
Ilha do Natal
5%
Nenhum quiz correspondente encontrado
Distribuição das Pontuações
Porcentagem de Pessoas com Cada Pontuação
Percentil de Números Respondidos
Sua Pontuação Histórica
Você não jogou esse quiz desde o último reset